000 00486nam a22001697a 4500
005 20231115063846.0
008 231115b |||||||| |||| 00| 0 eng d
020 _a0409013471
041 _aEnglish
082 _a344.5 BUR
100 _aBurns, Y
_lEnglish
245 _aCommunication Law /
_cY Burns
260 _aDurban :
_bLexisNexis (Pty) Ltd,
_c2001
300 _bxviii, 464 pages ;
_c25 cm.
650 _aLegal practice
_bLaw
942 _cBK
_6ALISON_BN_VRIES
999 _c643
_d643